[Event "MK Cafe Cup-A"]
[Site "Koszalin"]
[Date "1999.08.03"]
[Round "1"]
[White "Kruppa, Yuri"]
[Black "Nikolaidis, Ioannis"]
[Result "1/2-1/2"]
[WhiteElo "2603"]
[BlackElo "2505"]

1.d4 Nf6 2.c4 g6 3.Nc3 Bg7 4.e4 d6 5.Nf3 O-O 6.Be2 e5 7.Be3 Ng4 8.Bg5 f6
9.Bh4 Nc6 10.d5 Ne7 11.Nd2 Nh6 12.f3 c5 13.dxc6 bxc6 14.b4 Be6 15.Nb3 d5
16.Nc5 Bf7 17.cxd5 cxd5 18.exd5 Nhf5 19.Bf2 Nxd5 20.Nxd5 Bxd5 21.O-O Nd4
22.Ba6 f5 23.Qd2 Qf6 24.Bxd4 exd4 25.Rae1 Rad8 26.a3 Qf7 27.Bb5 Kh8 28.Qd3 Bf6
29.Re2 Qg7 30.Bc4 Bxc4 31.Qxc4 Rfe8 32.Rxe8+ Rxe8 33.Nd3  1/2-1/2

[Event "BCF-ch 86th"]
[Site "Scarborough"]
[Date "1999.08.03"]
[Round "3"]
[White "Duncan, Christopher R"]
[Black "Thipsay, Praveen Mahadeo"]
[Result "0-1"]
[WhiteElo "2297"]
[BlackElo "2492"]

1.c4 g6 2.e4 Bg7 3.d4 d6 4.Nc3 Nf6 5.Nf3 O-O 6.Be2 Nbd7 7.O-O e5 8.Be3 c6
9.d5 c5 10.Ne1 Kh8 11.Nd3 Ng8 12.Qd2 Qe7 13.Rae1 f5 14.Bg5 Ndf6 15.f4 h6
16.Bh4 Nxe4 17.Bxe7 Nxd2 18.Bxd6 Nxf1 19.Kxf1 e4 20.Bxf8 Bxf8 21.Ne5 Kg7
22.Bd1 Nf6 23.Nb5 a6 24.Nc3 Bd6 25.Na4 b5 26.Nc3 Nd7 27.Nxd7 Bxd7 28.g3 bxc4
29.Ba4 Bxa4 30.Nxa4 Rb8 31.Re2 g5 32.fxg5 hxg5 33.Rc2 Rb4 34.Nc3 Be5 35.a3 Rb3
36.Nd1 Bd4 37.Rxc4 Kf6 38.Ra4 Ke5 39.Rxa6 Kxd5 40.Ra8 f4 41.Rg8 f3 42.Rxg5+ Kc4
43.h4 e3 44.Nxe3+ Bxe3 45.Rg4+ Kd3 46.Rg8  0-1

[Event "Scandic Hotels CC (Women)"]
[Site "Stockholm"]
[Date "1999.08.03"]
[Round "4"]
[White "Paasikangas, Johanna"]
[Black "Shour, Janna"]
[Result "0-1"]
[WhiteElo "2249"]
[BlackElo "2234"]

1.d4 g6 2.c4 Bg7 3.Nc3 Nf6 4.e4 d6 5.Nf3 O-O 6.Be2 e5 7.O-O Nbd7 8.Re1 a5
9.Bg5 exd4 10.Nxd4 Re8 11.f3 c6 12.Qd2 Nc5 13.Kh1 a4 14.Rad1 Qb6 15.Bf1 Nh5
16.Nde2 Be6 17.g4 Nf6 18.Nd4 Nfd7 19.Nxe6 Rxe6 20.Be3 Qb4 21.Rc1 Ne5 22.Kg2 Rae8
23.Rc2 Ncd7 24.Nb1 Qxd2+ 25.Rxd2 Nc5 26.h3 Ned7 27.Red1 Be5 28.Bf2 Bf4 29.Rc2 h5
30.Bg3 Bxg3 31.Kxg3 Rf6 32.Nc3 h4+ 33.Kg2 Ne5 34.Be2 g5 35.Rcd2 Rd8 36.Kf2 Ng6
37.Ke3 Nf4 38.Bf1 Re6 39.Ne2 Nxe2 40.Bxe2 Kf8 41.Bd3 Ke7 42.Bc2 Ra8 43.f4 gxf4+
44.Kxf4 Rf6+ 45.Ke3 Nd7 46.g5 Re6 47.Rf2 Ne5 48.b3 axb3 49.axb3 Rg6 50.Rf5 c5
51.Rd2 Ra1 52.Bd1 Rb1 53.Kf2 Rc1 54.Rf4 Rxg5 55.Rxh4 Rc3 56.Rh6 Rcg3 57.Rdxd6 Rg2+
58.Ke3 R5g3+ 59.Kf4 Nd3+ 60.Rxd3 Rxd3 61.Bg4 Rxb3 62.Ke5 Rd2 63.Rh7 Rb1 64.Be6 Rf1
65.h4 Rd8 66.h5 b6 67.Bf5 b5 68.cxb5 c4 69.Rh6 c3 70.Rc6 f6+ 71.Rxf6 c2 72.Rc6 c1=Q
73.Rxc1 Rxc1 74.h6 Rb1 75.h7 Rxb5+ 76.Kf4 Kf6  0-1

[Event "Hotel Agro IM B"]
[Site "Budapest"]
[Date "1999.08.04"]
[Round "6"]
[White "Cacco, Christian"]
[Black "Stranz, Richard"]
[Result "1-0"]
[WhiteElo "2292"]
[BlackElo "2257"]

1.d4 Nf6 2.Nf3 d6 3.c4 g6 4.Nc3 Bg7 5.e4 O-O 6.Be2 e5 7.O-O exd4 8.Nxd4 Re8
9.f3 Nc6 10.Nc2 Nh5 11.Be3 f5 12.Rb1 f4 13.Bf2 Be5 14.c5 Qg5 15.cxd6 Bh3
16.Ne1 Rad8 17.Qb3+ Kh8 18.Kh1 Be6 19.Qxb7 Rxd6 20.Qb5 Rb8 21.Qc5 Ng3+ 22.Kg1 Nd4
23.Bd3 Rf8 24.Nb5 Nxb5 25.Bxb5 a6 26.Bxa6 Bxa2 27.Nd3 Nxf1 28.Rxf1 Bf6 29.e5 Ra8
30.exd6 Qxc5 31.Nxc5 cxd6 32.Bb7 Rb8 33.Nd7 Rxb7 34.Nxf6 Rxb2 35.Bd4 Rb7
36.Ra1 Rb1+ 37.Rxb1 Bxb1 38.Ne8+ Kg8 39.Nxd6 Kf8 40.Bf6 Bd3  1-0

[Event "Lost Boys op"]
[Site "Antwerp"]
[Date "1999.08.05"]
[Round "6"]
[White "Gershon, Alik"]
[Black "David, Alberto"]
[Result "1/2-1/2"]
[WhiteElo "2492"]
[BlackElo "2544"]

1.d4 Nf6 2.c4 g6 3.Nc3 Bg7 4.e4 d6 5.Nf3 O-O 6.Be2 e5 7.d5 a5 8.Bg5 h6 9.Bh4 Na6
10.Nd2 h5 11.O-O Qe8 12.a3 Bd7 13.b3 Nh7 14.f3 Bh6 15.Kh1 Be3 16.Rb1 Bc5
17.Qc1 c6 18.Na2 cxd5 19.cxd5 b5 20.b4 axb4 21.axb4 Be3 22.Qc3 Bb6 23.Qd3 f5
24.exf5 gxf5 25.f4 Nc7 26.Nc3 e4 27.Ncxe4 fxe4 28.Qg3+ Kh8 29.Qc3+ Kg8 30.Qg3+  1/2-1/2

[Event "MK Cafe Cup-A"]
[Site "Koszalin"]
[Date "1999.08.05"]
[Round "3"]
[White "Volzhin, Alexander"]
[Black "Nataf, Igor Alexandre"]
[Result "1/2-1/2"]
[WhiteElo "2569"]
[BlackElo "2504"]

1.d4 Nf6 2.c4 g6 3.Nc3 Bg7 4.e4 d6 5.Nf3 O-O 6.Be2 e5 7.d5 a5 8.Bg5 h6 9.Be3 Ng4
10.Bc1 f5 11.exf5 gxf5 12.g3 Na6 13.Nh4 Nc5 14.O-O e4 15.f4 exf3 16.Rxf3 a4
17.Nb5 c6 18.dxc6 Qb6 19.Kg2 Ne5 20.Qxd6 Qxc6  1/2-1/2

[Event "Lost Boys op"]
[Site "Antwerp"]
[Date "1999.08.06"]
[Round "7"]
[White "Savchenko, Stanislav"]
[Black "De Jager, Jaap"]
[Result "1-0"]
[WhiteElo "2583"]
[BlackElo "2277"]

1.Nf3 Nf6 2.c4 g6 3.Nc3 Bg7 4.e4 d6 5.d4 O-O 6.Be2 Na6 7.O-O e5 8.Re1 c6
9.Bf1 Bg4 10.d5 Nb4 11.Be2 a5 12.Bg5 h6 13.Be3 c5 14.a3 Na6 15.Qd2 Kh7 16.Rab1 Bc8
17.Qc2 Kh8 18.g3 b6 19.Nh4 Ra7 20.Bd2 Ng8 21.Nb5 Re7 22.b4 axb4 23.axb4 h5
24.bxc5 bxc5 25.Ra1 Bh6 26.Bc3 Bg5 27.Nf3 Bh6 28.Ra3 f5 29.Nh4 Rg7 30.exf5 gxf5
31.Rxa6 Bxa6 32.Nxf5 Bxb5 33.Nxg7 Qf6 34.Rf1 Bxc4 35.Nxh5 Qf7 36.Bxe5+ dxe5
37.Qxc4 Qe7 38.Qe4 Qg5 39.f4 exf4 40.Nxf4 Ne7  1-0

[Event "MK Cafe Cup-A"]
[Site "Koszalin"]
[Date "1999.08.06"]
[Round "4"]
[White "Poluljahov, Aleksandr"]
[Black "Antoniewski, Rafal"]
[Result "0-1"]
[WhiteElo "2554"]
[BlackElo "2417"]

1.Nf3 Nf6 2.c4 g6 3.Nc3 Bg7 4.e4 d6 5.d4 O-O 6.Be2 e5 7.Be3 Ng4 8.Bg5 f6
9.Bh4 g5 10.Bg3 Nh6 11.c5 g4 12.Nh4 Nc6 13.dxe5 fxe5 14.cxd6 cxd6 15.Nd5 Be6
16.O-O Nd4 17.Ne3 Rc8 18.b3 Qd7 19.Bc4 Bxc4 20.Nxc4 Bf6 21.f4 Qe7 22.fxe5 dxe5
23.Nf5 Nhxf5 24.exf5 h5 25.Qd2 b5 26.Ne3 Bg5 27.Rae1 h4 28.Bf2 h3 29.Bg3 Rc2
30.Qd1 Bxe3+ 31.Rxe3 Rxg2+ 32.Kh1 Nxf5 33.Qxg4+ Ng7 34.Rfe1 Qb7 35.Qe4 Qf7
36.Qd3 a6 37.a4 Rd2 38.Qb1 Nf5 39.Bxe5  0-1

[Event "MK Cafe Cup-B"]
[Site "Koszalin"]
[Date "1999.08.06"]
[Round "4"]
[White "Chekhova Kostina, Tatiana M"]
[Black "Buturin, Vladimir"]
[Result "1/2-1/2"]
[WhiteElo "2243"]
[BlackElo "2388"]

1.d4 Nf6 2.c4 g6 3.Nc3 Bg7 4.e4 d6 5.Be2 O-O 6.Nf3 e5 7.Be3 Ng4 8.Bg5 f6
9.Bh4 Nc6 10.d5 Ne7 11.Nd2 Nh6 12.f3 g5 13.Bf2 f5 14.Qc2 c5 15.dxc6 Nxc6
16.O-O g4 17.fxg4 Nxg4 18.Bxg4 fxg4 19.Be3 Be6 20.Rxf8+ Qxf8 21.Rf1 Qd8 22.Qd3 Nb4
23.Qb1 Nc6 24.Qd3 Nb4 25.Qb1 Nc6  1/2-1/2

[Event "BCF-ch 86th"]
[Site "Scarborough"]
[Date "1999.08.06"]
[Round "6"]
[White "Walker, David"]
[Black "Saravanan, V."]
[Result "1/2-1/2"]
[WhiteElo "2280"]
[BlackElo "2429"]

1.d4 Nf6 2.c4 g6 3.Nc3 Bg7 4.e4 d6 5.Nf3 O-O 6.Be2 e5 7.O-O Nh5 8.Bg5 f6
9.Be3 Nf4 10.Bxf4 exf4 11.c5 Kh8 12.Rc1 dxc5 13.dxc5 c6 14.Qd6 Nd7 15.Rfd1 Qa5
16.Qe7 Nxc5 17.Nb5 Ne6 18.Nd6 Qc7 19.Nxc8 Qxc8 20.Rd7 Qe8 21.Rxb7 Qxe7 22.Rxe7 Rfe8
23.Rxe8+ Rxe8 24.Rxc6 Ng5 25.Nxg5 fxg5 26.b4 Bf8 27.Rc4 Rd8 28.a4 Rd2 29.Bf1 Bd6
30.e5 Bxe5 31.Re4 Bd4 32.Be2 Bc3 33.h3 Rb2 34.b5 Ba5 35.g3 fxg3  1/2-1/2

[Event "MK Cafe Cup-B"]
[Site "Koszalin"]
[Date "1999.08.07"]
[Round "5"]
[White "Husari, Sate"]
[Black "Voloshin, Leonid"]
[Result "0-1"]
[WhiteElo "2307"]
[BlackElo "2423"]

1.d4 Nf6 2.Nf3 g6 3.c4 Bg7 4.Nc3 O-O 5.e4 d6 6.Be2 e5 7.dxe5 dxe5 8.Qxd8 Rxd8
9.Nd5 Ne8 10.Be3 Nc6 11.h3 Nd4 12.Nxd4 exd4 13.Bg5 f6 14.Bf4 c6 15.Ne7+ Kf7
16.Nxc8 Raxc8 17.O-O-O Bf8 18.h4 Ng7 19.h5 g5 20.Bd2 h6 21.Bg4 Rc7 22.f4 Ne6
23.Bxe6+ Kxe6 24.Rde1 gxf4 25.Bxf4 Rh7 26.Rhf1 Bd6 27.Bxd6 Rxd6 28.Rf5 Rg7
29.Ref1 Ke7 30.R1f2 Re6 31.Kd2 Rg4 32.R5f4 Rg3 33.Rf5 Re3 34.R2f4 R3xe4 35.Rxf6 Re2+
36.Kd1 Rxf6 37.Rxf6 Kxf6 38.Kxe2 Kg5 39.c5 Kxh5 40.Kd3 Kg4 41.Kxd4 Kg3 42.Ke5 Kxg2
43.Kd6 h5 44.Kc7 h4 45.Kxb7 h3 46.Kxc6 h2 47.Kb7 h1=Q 48.Kxa7 Qb1 49.c6 Qxa2+
50.Kb7 Qxb2+ 51.Kc8 Kf3 52.c7 Ke4 53.Kd7 Qg7+ 54.Kd8 Qf6+ 55.Kd7 Qd4+ 56.Kc8 Qg7
57.Kd8 Kd5 58.c8=N Qg8+  0-1

[Event "MK Cafe Cup-B"]
[Site "Koszalin"]
[Date "1999.08.07"]
[Round "5"]
[White "Mitnitski, Alexey"]
[Black "Szymanowski, Wojciech"]
[Result "1-0"]
[WhiteElo "2215"]
[BlackElo "2015"]

1.d4 Nf6 2.c4 g6 3.Nc3 Bg7 4.e4 d6 5.Be2 O-O 6.Nf3 e5 7.d5 a5 8.h3 Na6 9.Bg5 Bd7
10.Nd2 Qe8 11.g4 Nc5 12.h4 Qc8 13.Rg1 h6 14.Be3 Ne8 15.h5 g5 16.Nf1 Bf6 17.Ng3 Ng7
18.f3 Be7 19.Rg2 b6 20.Bd3 Qb7 21.Bc2 Rfc8 22.Bxc5 dxc5 23.Ba4 Bxa4 24.Qxa4 Rd8
25.Nd1 Bd6 26.Ne3 Rab8 27.Rc1 Qc8 28.Rc3 Qd7 29.Qc2 Qe8 30.Nef5 Nxf5 31.Nxf5 Qf8
32.Rb3 Ra8 33.Rb5 f6 34.Re2 Kh7 35.Re3 Ra7 36.Qa4 Raa8 37.Rbb3 Qe8 38.Qxe8 Rxe8
39.Nxd6 cxd6 40.Rxb6 Red8 41.Rb7+ Kg8 42.Reb3 a4 43.R3b6 Rac8 44.Kd2 Ra8
45.Kc3 Rac8 46.Ra7 Rb8 47.Rxb8 Rxb8 48.Rxa4 Rb7 49.Ra6 Rd7 50.a3 Kf7 51.b4 cxb4+
52.axb4 Ke7 53.c5 dxc5 54.bxc5 Rb7 55.Kc4 Rd7 56.c6  1-0

[Event "MK Cafe Cup-A"]
[Site "Koszalin"]
[Date "1999.08.07"]
[Round "5"]
[White "Kruppa, Yuri"]
[Black "Nataf, Igor Alexandre"]
[Result "1/2-1/2"]
[WhiteElo "2603"]
[BlackElo "2504"]

1.d4 Nf6 2.c4 g6 3.Nc3 Bg7 4.e4 d6 5.Nf3 O-O 6.Be2 e5 7.Be3 exd4 8.Nxd4 Re8
9.f3 c6 10.Bf2 d5 11.exd5 cxd5 12.O-O Nc6 13.c5 Nh5 14.Qd2 Be5 15.g3 Ng7
16.Rfe1 Nf5 17.Nxf5 Bxf5 18.Bb5 d4 19.Ne4 Qd5 20.Rac1 Bxe4 21.Rxe4 Bf6 22.Bc4 Qg5
23.Qxg5 Bxg5 24.Rxe8+ Rxe8 25.f4 Bf6 26.a3 Na5 27.Bd5 Rd8 28.Ba2 d3 29.b4 Nc6
30.Rd1 Nd4  1/2-1/2

[Event "AZ Sanace Cup"]
[Site "Olomouc"]
[Date "1999.08.07"]
[Round "1"]
[White "Kaufman, Larry C"]
[Black "Kovalev, Andrei"]
[Result "0-1"]
[WhiteElo "2427"]
[BlackElo "2400"]

1.d4 Nf6 2.c4 g6 3.Nc3 Bg7 4.e4 O-O 5.Nf3 d6 6.Be2 Na6 7.O-O e5 8.Be3 Ng4
9.Bg5 Qe8 10.dxe5 dxe5 11.h3 h6 12.Bd2 Nf6 13.Be3 Qe7 14.Nd5 Qd8 15.Nxf6+ Qxf6
16.c5 Nb4 17.Qd2 Nc6 18.Bxh6 Rd8 19.Bxg7 Kxg7 20.Qe3 Be6 21.b3 a5 22.Rfd1 Qf4
23.Qxf4 exf4 24.Bb5 Nb4 25.Nd4 Kf6 26.f3 Ke5 27.Nxe6 fxe6 28.Rdc1 Rd2 29.a3 Na2
30.Re1 Rad8 31.Bc4 Nc3 32.Rac1 Nd1 33.Re2 Ne3 34.Rxd2 Rxd2 35.Bf1 Ra2 36.c6 b6
37.h4 a4 38.Bb5 Rxg2+ 39.Kh1 Rg3 40.Bxa4 Rh3+ 41.Kg1 Rxf3 42.Bb5 Rg3+ 43.Kh1 f3  0-1

[Event "Mipap Cup"]
[Site "Olomouc"]
[Date "1999.08.07"]
[Round "2"]
[White "Sitnik, Igor"]
[Black "Sejkora, Vlastimil"]
[Result "1-0"]
[WhiteElo "2332"]
[BlackElo "2286"]

1.d4 Nf6 2.c4 g6 3.Nc3 Bg7 4.e4 d6 5.Nf3 O-O 6.Be2 Nbd7 7.O-O e5 8.Be3 c6
9.d5 c5 10.Ne1 Ne8 11.Nd3 f5 12.f4 Qe7 13.fxe5 Nxe5 14.Nxe5 Bxe5 15.Qd2 Nf6
16.Bh6 Rf7 17.exf5 Bxf5 18.Rae1 Re8 19.Kh1 a6 20.Bf3 Bg4 21.Bg5 Bxf3 22.gxf3 Qd7
23.Bxf6 Rxf6 24.Ne4 Rf4 25.Qxf4  1-0

[Event "Valoz Cup"]
[Site "Olomouc"]
[Date "1999.08.07"]
[Round "2"]
[White "Obsivac, Josef"]
[Black "Salai, Ladislav"]
[Result "0-1"]
[WhiteElo "2355"]
[BlackElo "2409"]

1.d4 Nf6 2.c4 g6 3.Nc3 Bg7 4.e4 d6 5.Be2 O-O 6.Nf3 e5 7.d5 c5 8.Be3 Ng4 9.Bg5 f6
10.Bh4 Nh6 11.Nd2 Na6 12.f3 Bd7 13.a3 Qe8 14.b3 f5 15.Rb1 g5 16.Bf2 g4 17.fxg4 Nxg4
18.Bxg4 fxg4 19.b4 cxb4 20.axb4 Qg6 21.Rf1 Bh6 22.Bg1 g3 23.Rxf8+ Rxf8 24.h3 Qg5
25.Qe2 Kh8 26.c5 Bxh3 27.gxh3 g2 28.Nd1 Qxd2+ 29.Qxd2 Rf1+ 30.Ke2 Bxd2 31.c6 Rxg1
32.b5 Re1+  0-1

[Event "BCF-ch 86th"]
[Site "Scarborough"]
[Date "1999.08.07"]
[Round "7"]
[White "Rahman, Ziaur"]
[Black "Gallagher, Joseph G"]
[Result "1-0"]
[WhiteElo "2461"]
[BlackElo "2521"]

1.c4 g6 2.e4 Bg7 3.d4 d6 4.Nc3 Nf6 5.Nf3 O-O 6.Be2 e5 7.O-O Na6 8.Bg5 h6
9.Bh4 Qe8 10.Bxf6 Bxf6 11.c5 Bg7 12.Bxa6 bxa6 13.dxe5 dxe5 14.Nd5 Qd8 15.Qa4 Rb8
16.Rfd1 Rxb2 17.Qa3 Rb8 18.c6 Re8 19.Qc5 Bg4 20.Qxa7 Bxf3 21.gxf3 Qg5+ 22.Kh1 Qh5
23.Rd3 Rb2 24.Rf1 Reb8 25.Qxc7 Rb1 26.Ne3 Qxf3+ 27.Kg1 R8b2 28.Qd8+ Kh7 29.Rdd1 Bf6
30.c7 Bxd8 31.cxd8=Q Qxe4 32.Qf6 Qb7 33.Rd8 Rxf1+ 34.Nxf1  1-0

[Event "CRA-ch"]
[Site "Antiguo"]
[Date "1999.08.08"]
[Round "7"]
[White "Valdes, Leonardo"]
[Black "Minero, Carlos"]
[Result "1-0"]
[WhiteElo "2263"]
[BlackElo "2182"]

1.Nf3 d6 2.d4 Nf6 3.c4 g6 4.Nc3 Bg7 5.e4 O-O 6.Be2 Nbd7 7.O-O e5 8.Re1 Re8
9.Bf1 exd4 10.Nxd4 Nc5 11.f3 a5 12.Ndb5 Bd7 13.Be3 b6 14.Qd2 Bc6 15.Rad1 Qd7
16.Bf2 Rad8 17.a3 h6 18.Qc1 Nh5 19.b4 axb4 20.axb4 Ne6 21.c5 bxc5 22.bxc5 Bf8
23.Na7 Rb8 24.e5 Rb7 25.Nxc6 Qxc6 26.g4 Nhf4 27.Ne4 Rd8 28.cxd6 Qxc1 29.Rxc1 cxd6
30.exd6 Bxd6 31.Red1 Be7 32.Rxd8+ Bxd8 33.Be3 Kg7 34.Rd1 Bb6 35.Bxb6 Rxb6
36.Rd7 Rb1 37.Kf2 Rb2+ 38.Kg3 Rb8 39.Bc4 Rf8 40.h4 Kg8 41.Nd6 Kg7 42.g5 hxg5
43.hxg5 Nh5+ 44.Kg4 Nd8 45.f4 Kg8 46.f5 Kg7 47.fxg6 Nf6+ 48.gxf6+ Kxg6 49.Ne4 Nc6
50.Kf4 Nd8 51.Rd5 Re8 52.Rg5+ Kh7 53.Kf5  1-0

[Event "Budapest FS08 IM"]
[Site "Budapest"]
[Date "1999.08.08"]
[Round "2"]
[White "Belichev, Nikolai"]
[Black "Pinter, Gabor"]
[Result "1-0"]
[WhiteElo "2387"]
[BlackElo "2332"]

1.d4 Nf6 2.c4 g6 3.Nc3 Bg7 4.e4 d6 5.Nf3 O-O 6.Be2 Na6 7.O-O e5 8.Re1 c6
9.Bf1 Bg4 10.d5 Nb4 11.Be2 a5 12.Bg5 h6 13.Be3 Bd7 14.Nd2 Nh7 15.c5 f5 16.f3 Nf6
17.Nc4 cxd5 18.exd5 dxc5 19.Nxe5 Re8 20.f4 b6 21.a3 Na6 22.d6 Kh7 23.Bf3 Ra7
24.Qd3 Nb8 25.Rad1 Qc8 26.Bf2 Re6 27.Nb5 Bxb5 28.Qxb5 Qd8 29.Nc4 Rxe1+ 30.Rxe1 Bf8
31.Qxb6 Qxb6 32.Nxb6 Nbd7 33.Nc8 Ra6 34.Bb7 Rxd6 35.Nxd6 Bxd6 36.g3 g5 37.Bc8  1-0

[Event "MK Cafe Cup-A"]
[Site "Koszalin"]
[Date "1999.08.08"]
[Round "6"]
[White "Radziewicz, Iweta"]
[Black "Kempinski, Robert"]
[Result "1-0"]
[WhiteElo "2395"]
[BlackElo "2549"]

1.Nf3 Nf6 2.c4 g6 3.Nc3 Bg7 4.e4 O-O 5.d4 d6 6.Be2 Na6 7.O-O e5 8.Re1 c6
9.Bf1 Bg4 10.d5 Nb4 11.Be2 a5 12.Bg5 Bc8 13.a3 Na6 14.b4 c5 15.b5 Nb8 16.Qd2 Nbd7
17.Rf1 Kh8 18.Ne1 Qe8 19.b6 Nxb6 20.Rb1 Na4 21.Bxf6 Bxf6 22.Nxa4 Qxa4 23.Rb5 Bd7
24.Rb6 Ra6 25.Rxb7 Bc8 26.Rb5 Bd7 27.Rb1 Bc8 28.Nd3 Ra8 29.Qc3 Ba6 30.Nb2 Qd7
31.Bd1 Rfb8 32.Ba4 Qg4 33.Bc6 Bb7 34.Qf3 Qxf3 35.gxf3 Bxc6 36.dxc6 Rc8 37.Na4 Rxc6
38.Rb7 Rf8 39.Rfb1 Bd8 40.Rd7 Kg7 41.Rbb7 Kf6 42.Nc3 Ke6 43.Nd5  1-0

[Event "Budapest FS08 IM"]
[Site "Budapest"]
[Date "1999.08.09"]
[Round "3"]
[White "Serrer, Christoph"]
[Black "Zimmerman, Yuri"]
[Result "1/2-1/2"]
[WhiteElo "2257"]
[BlackElo "2440"]

1.Nf3 g6 2.d4 Bg7 3.c4 d6 4.Nc3 Nf6 5.e4 O-O 6.Be2 Nbd7 7.O-O e5 8.Re1 c6
9.Bf1 Re8 10.d5 Qe7 11.Bg5 h6 12.Bh4 g5 13.Bg3 c5 14.Rb1 Nh5 15.Nd2 Nf4 16.Nb5 Rf8
17.a3 a6 18.Nc3 a5 19.Na4 b6 20.b4 axb4 21.axb4 Ra6 22.bxc5 bxc5 23.Nc3 h5
24.f3 Nb6 25.Ra1 Rxa1 26.Qxa1 h4 27.Bf2 g4 28.Qa5 g3 29.Be3 gxh2+ 30.Kh1 Qg5
31.Qxb6 Qg3 32.Qb1 h3 33.gxh3 Bh6 34.Ne2 Qh4 35.Bxf4 exf4 36.Bg2 Qf2 37.Nf1 f5
38.Nxh2 fxe4 39.Ng1 e3 40.Qg6+ Bg7 41.Re2 Qh4 42.Qxd6 Bd4 43.Qg6+ Kh8 44.Ng4 Bf5
45.Qd6 Re8 46.Qxf4 Bd3 47.Qh6+ Qxh6 48.Nxh6 Kg7 49.Ng4 Bxc4 50.Re1 Bxd5 51.f4 Bc4
52.Ne2 Kg6 53.Kh2 Kf5 54.Kg3 Rb8 55.Bf3 Rb2 56.Nxd4+ cxd4 57.Nxe3+ dxe3 58.Rxe3 Rb3
59.Re5+ Kf6 60.Kf2 Rb2+ 61.Ke3 Rb3+ 62.Kf2 Rb2+ 63.Ke1 Rb1+ 64.Kd2 Rb2+ 65.Kc1 Rf2
66.Bg4 Rxf4 67.Rc5 Be6 68.Bxe6 Kxe6 69.Rg5 Rf3 70.Rh5 Kf6 71.Kd2 Kg6 72.Rh8 Kg7
73.Rh4 Ra3  1/2-1/2

[Event "AZ Sanace Cup"]
[Site "Olomouc"]
[Date "1999.08.09"]
[Round "3"]
[White "Kalod, Radek"]
[Black "Arizmendi Martinez, Julen Luis"]
[Result "1/2-1/2"]
[WhiteElo "2440"]
[BlackElo "2465"]

1.Nf3 Nf6 2.c4 g6 3.Nc3 Bg7 4.e4 d6 5.d4 O-O 6.Be2 Na6 7.O-O e5 8.Re1 c6
9.Bf1 Bg4 10.Be3 Nh5 11.d5 c5 12.h3 Bd7 13.g3 Nc7 14.a3 b6 15.Bd2 Qe8 16.b4 f5
17.Rb1 Nf6 18.Bg2 Qc8 19.Re2 Nce8 20.Kh2 cxb4 21.Rxb4 Nc7 22.exf5 gxf5 23.Nb5 Nxb5
24.cxb5 Ne4 25.Ng5 Nxg5 26.Bxg5 Qe8 27.a4 Rc8 28.Rc2 Qg6 29.Bd2 Rc5 30.Be3 Rxc2
31.Qxc2 f4 32.Qxg6 hxg6 33.gxf4 exf4 34.Bd4 g5 35.Bf3 Rc8 36.Kg2 Bxd4 37.Rxd4 Kg7
38.Re4 Re8 39.Rc4  1/2-1/2

[Event "BCF-ch 86th"]
[Site "Scarborough"]
[Date "1999.08.09"]
[Round "8"]
[White "Webster, Andrew"]
[Black "Hunt, Adam"]
[Result "1-0"]
[WhiteElo "2427"]
[BlackElo "2288"]

1.d4 Nf6 2.Nf3 g6 3.c4 Bg7 4.Nc3 O-O 5.e4 d6 6.Be2 e5 7.Bg5 exd4 8.Nxd4 Nc6
9.Nc2 h6 10.Be3 Bd7 11.Qd2 Kh7 12.f3 a6 13.O-O Rb8 14.Rfd1 Be6 15.b3 Nd7
16.Rac1 f5 17.Ne1 Nc5 18.b4 Nd7 19.a3 Nce5 20.exf5 Bxf5 21.h3 Be6 22.Nd5 Nf6
23.f4 Ned7 24.Bf3 Bf5 25.Ba7 Ra8 26.Bd4 Rb8 27.g4 Be6 28.Ng2 c6 29.Nxf6+ Nxf6
30.Qb2 Rf7 31.Be2 Ne8 32.Bxg7 Rxg7 33.Bd3 Kg8 34.Re1 Bf7 35.Re2 d5 36.c5 Nf6
37.Qd4 Ne4 38.Rce1 Qc7 39.Bxe4 dxe4 40.Rxe4 Bd5 41.Re8+ Rxe8 42.Rxe8+ Kf7
43.Rh8 Qe7 44.Qe3 Qd7 45.Ne1 Qe6 46.Qxe6+ Kxe6 47.Rxh6 Be4 48.f5+ Kd5 49.Rxg6 Rxg6
50.fxg6 Bxg6 51.Kf2 Kc4 52.h4 Kb3 53.h5 Bf7 54.Ke3 Kxa3 55.Nd3 Kb3 56.h6 Bg6
57.g5  1-0

[Event "Budapest FS08 IM"]
[Site "Budapest"]
[Date "1999.08.11"]
[Round "5"]
[White "Bottino, Alexei"]
[Black "Zimmerman, Yuri"]
[Result "0-1"]
[WhiteElo "2207"]
[BlackElo "2440"]

1.Nf3 g6 2.c4 Bg7 3.Nc3 Nf6 4.e4 d6 5.d4 O-O 6.Be2 e5 7.d5 a5 8.Bg5 h6 9.Bh4 Na6
10.Nd2 Bd7 11.O-O Qe8 12.b3 Nh7 13.a3 h5 14.f3 Bh6 15.Bf2 Qe7 16.Kh1 c5 17.Na4 Qd8
18.Rb1 f5 19.Nc3 Nf6 20.Rb2 Rf7 21.Qb1 f4 22.Rc1 g5 23.b4 axb4 24.axb4 Nxb4
25.Rxb4 cxb4 26.Qxb4 Bf8 27.Nb3 g4 28.c5 g3 29.hxg3 dxc5 30.Qc4 fxg3 31.Bxg3 Bd6
32.Bf2 b6 33.Nb5 Bxb5 34.Qxb5 Nxe4 35.Be1 Nf6 36.Rd1 Qe7 37.Bc4 e4 38.Qc6 Raf8  0-1

[Event "BCF-ch 86th"]
[Site "Scarborough"]
[Date "1999.08.11"]
[Round "10"]
[White "Webster, Andrew"]
[Black "Hebden, Mark"]
[Result "1-0"]
[WhiteElo "2427"]
[BlackElo "2510"]

1.c4 g6 2.d4 Nf6 3.Nc3 Bg7 4.e4 d6 5.Nf3 O-O 6.Be2 e5 7.Bg5 h6 8.Bh4 g5 9.Bg3 g4
10.Nh4 exd4 11.Qxd4 Re8 12.Qd3 Nbd7 13.Qc2 Nc5 14.f3 Nh5 15.Bf2 f5 16.O-O Nf4
17.Rae1 gxf3 18.Bxf3 Nfd3 19.Nxf5 Nxe1 20.Bxe1 Bxf5 21.exf5 c6 22.Ne2 Qe7
23.Bh5 Rf8 24.Nf4 Qe3+ 25.Kh1 Ne4 26.Bg6 Be5 27.Ne6 Rf6 28.Bh4 Ng5 29.Re1 Qxe1+
30.Bxe1 Nxe6 31.Bh4 Rxg6 32.fxg6 Rf8 33.Bf2 a5 34.g3 Kg7 35.Kg2 c5 36.Qe4 Rf6
37.Qxb7+ Kxg6 38.Qa8 Bxb2 39.Qxa5 Bd4 40.Bxd4 cxd4 41.Qd5 Kf7 42.Qxd6 Rf5
43.a4 Rc5 44.Qa6 Rc7 45.Kf2 Ke7 46.Ke2 h5 47.Kd2 Rc5 48.a5 Rf5 49.Qb7+ Kf6
50.a6 Rf2+ 51.Ke1  1-0

[Event "BCF-ch 86th"]
[Site "Scarborough"]
[Date "1999.08.11"]
[Round "10"]
[White "Palliser, Richard"]
[Black "Hunt, Adam"]
[Result "0-1"]
[WhiteElo "2253"]
[BlackElo "2288"]

1.d4 Nf6 2.c4 g6 3.Nc3 Bg7 4.e4 d6 5.Nf3 O-O 6.Be2 e5 7.d5 a5 8.Bg5 h6 9.Bh4 Na6
10.Nd2 Qe8 11.O-O Bd7 12.Kh1 Nh7 13.a3 h5 14.f3 Bh6 15.Rb1 a4 16.Nb5 Bxb5
17.cxb5 Nc5 18.Bf2 b6 19.Qc2 Qe7 20.Bxc5 bxc5 21.b4 axb3 22.Rxb3 f5 23.Nc4 fxe4
24.Qxe4 Qg5 25.Bd3 Kg7 26.h4 Qg3 27.Qe1 Bf4 28.Qxg3 Bxg3 29.b6 cxb6 30.Rxb6 e4
31.fxe4 Rxf1+ 32.Bxf1 Nf6 33.Bd3 Ng4 34.Rb3 Ra4 35.Be2 Nf2+ 36.Kg1 Nxe4 37.Nb6 Rd4
38.Rd3 Bxh4 39.Rxd4 cxd4 40.Nc4 Nc3 41.Kf1 Nxd5 42.Bf3 Nc3 43.Nxd6 Be7 44.Nc4 Kf6
45.Ke1 Kf5 46.Kd2 h4 47.Kd3 Bc5 48.Nd2 Ba7 49.Nb3 Ke5 50.Na5 Kf4 51.Nc6 Bb6
52.Nxd4 Bxd4 53.Kxd4 Nb5+ 54.Kc5 Nxa3 55.Be2 Ke3  0-1

[Event "MK Cafe Cup-B"]
[Site "Koszalin"]
[Date "1999.08.12"]
[Round "9"]
[White "Umansky, Vladimir"]
[Black "Chekhova Kostina, Tatiana M"]
[Result "1-0"]
[WhiteElo "2409"]
[BlackElo "2243"]

1.d4 Nf6 2.Nf3 g6 3.c4 d6 4.Nc3 Nbd7 5.e4 e5 6.Be2 Bg7 7.O-O O-O 8.Qc2 c6
9.d5 c5 10.Bg5 h6 11.Bd2 Ne8 12.Bd3 Ndf6 13.g3 Nh5 14.Ne1 Bh3 15.Ng2 f5 16.exf5 gxf5
17.f3 Qf6 18.Rf2 Rf7 19.Re1 Bf8 20.Nd1 Rg7 21.f4 e4 22.Be2 Qf7 23.Bc3 Rh7
24.Nde3 Bg7 25.Bxg7 Rxg7 26.Bf1 Rh7 27.Nh4 Bxf1 28.Rexf1 Nhg7 29.Qc3 h5 30.b4 Rh6
31.Rb1 b6 32.a4 Qf6 33.Qxf6 Rxf6 34.a5 Rb8 35.Rfb2 Nc7 36.Kf2 Kf8 37.axb6 axb6
38.Ra2 Ke8 39.Ra7 Kd8 40.bxc5 dxc5 41.Rd1 b5 42.cxb5 Rxb5 43.d6 Rb2+ 44.Kg1 Nce8
45.Ra8+ Kd7 46.Nc4  1-0

[Event "AZ Sanace Cup"]
[Site "Olomouc"]
[Date "1999.08.14"]
[Round "8"]
[White "Kaufman, Larry C"]
[Black "Arizmendi Martinez, Julen Luis"]
[Result "1/2-1/2"]
[WhiteElo "2427"]
[BlackElo "2465"]

1.d4 Nf6 2.c4 g6 3.Nc3 Bg7 4.e4 d6 5.Nf3 O-O 6.Be2 Na6 7.O-O e5 8.Be3 Ng4
9.Bg5 Qe8 10.dxe5 dxe5 11.Nd2 h5 12.h3 Nh6 13.c5 f6 14.Be3 Be6 15.Nd5 Kh7
16.Bxa6 Bxd5 17.exd5 bxa6 18.Ne4 Nf5 19.c6 Qf7 20.Nc5 Rfb8 21.b3 Rb5 22.Ne6 Nd4
23.Bxd4 Rxd5 24.Nxg7 Kxg7 25.Be3 Rxd1 26.Raxd1 Qe6 27.Rd7+ Kg8 28.Rc1 Rc8
29.Bh6 g5 30.h4 gxh4 31.Rc3  1/2-1/2

[Event "AZ Sanace Cup"]
[Site "Olomouc"]
[Date "1999.08.14"]
[Round "8"]
[White "Biolek, Richard"]
[Black "Kovalev, Andrei"]
[Result "1-0"]
[WhiteElo "2439"]
[BlackElo "2400"]

1.d4 d6 2.Nf3 Nf6 3.c4 g6 4.Nc3 Bg7 5.e4 O-O 6.Be2 Nbd7 7.O-O e5 8.d5 Nc5
9.Qc2 a5 10.Ne1 b6 11.Bd2 Bd7 12.a4 Ne8 13.Nd3 f5 14.Nxc5 dxc5 15.exf5 gxf5
16.f4 Nd6 17.Ra3 Qe7 18.Nd1 exf4 19.Bxf4 Rae8 20.Bh5 Qe4 21.Qc1 Re7 22.Bg5 Qd4+
23.Nf2 Re4 24.Be3 Rxe3 25.Rxe3 Qxc4 26.Qxc4 Nxc4 27.Re7 Bxa4 28.Nd3 Ne3 29.Rf4 Bd4
30.Rxd4 cxd4 31.Nf4 Rd8 32.Rxc7 Rd7 33.Rc8+ Kg7 34.Be8 Kf6 35.Bxd7 Bxd7 36.Rd8 Bb5
37.Kf2 Nd1+ 38.Ke1 Nxb2 39.d6 Ke5 40.g3 d3 41.d7 Kd6 42.Kd2 a4 43.Kc3 a3
44.Ra8 Kxd7 45.Rxa3 Na4+ 46.Kd2 Nc5 47.Ra7+ Kd6 48.Ke3 Bc4 49.Rxh7 b5 50.Rh6+ Kd7
51.h4 b4 52.Rb6 b3 53.h5 Ke8 54.h6 Kf7 55.h7 Kg7 56.Rh6  1-0